000 00709cam a22002295i 4500
999 _c13305
_d13305
020 _a9781119475927
020 _a9781119475927
020 _a9781119475927
082 _a005.8076
_b10371
100 1 _aSeidl, David,
245 1 0 _a(ISC)² CISSP :
_bcertified information systems security professional : official practice tests /
_cMike Capple, CISSP, David Seidle, CISSP.
250 _aSecond edition.
260 _aIndiana
_bSYBEX
_c2018
300 _axiv, 441 pages :
_billustrations ;
300 _apages cm
500 _aIncludes index.
650 0 _aComputer security
650 7 _aCOMPUTERS / Certification Guides.
650 7 _aComputer security.
700 1 _aChapple, Mike,
942 _cC.S